Tilastot visalle Disneyn klassikkoelokuvat

Klikkaa tästä pelataksesi tätä visaa!

Yleistilastot

  • Tätä visaa on pelattu 645 kertaa
  • Keskiarvotulos 24 / 56

Vastaustilastot

Nro.Elokuva% Oikein
1Lumikki ja seitsemän kääpiotä
96%
12Tuhkimo
91%
16Prinsessa Ruusunen
90%
30Kaunotar ja Hirviö
78%
28Pieni merenneito
75%
52Frozen - Huurteinen seikkailu
73%
31Aladdin
70%
15Kaunotar ja Kulkuri
70%
32Leijonakuningas
68%
36Mulan
67%
2Pinokkio
66%
33Pocahontas
65%
17101 dalmatialaista
61%
4Dumbo
61%
20Aristokatit
59%
5Bambi
58%
50Kaksin karkuteillä
52%
24Topi ja Tessu
52%
14Peter Pan
51%
19Viidakkokirja
50%
35Herkules
49%
3Fantasia
47%
49Prinsessa ja sammakko
47%
37Tarzan
45%
21Robin Hood
43%
55Vaiana
43%
34Notre Damen kellonsoittaja
42%
22Nalle Puh
40%
23Pelastuspartio Bernard ja Bianca
40%
13Liisa Ihmemaassa
39%
18Miekka kivessä
39%
40Atlantis - Kadonnut kaupunki
35%
51Räyhä-Ralf
35%
25Hiidenpata
33%
43Karhuveljeni Koda
33%
27Oliver ja Kumppanit
33%
26Basil Hiiri - Mestarietsivä
30%
41Lilo ja Stitch
30%
38Fantasia 2000
27%
44Lehmäjengi
25%
39Keisarin uudet kuviot
24%
54Zootropolis - Eläinten kaupunki
24%
45Pikku Kananen
23%
42Aarreplaneetta
22%
48Bolt
22%
7Kolme caballeroa
21%
53Big Hero 6
18%
29Bernard ja Bianca Australiassa
17%
9Pennitön ja suruton
14%
6Saludos amigos
14%
47Riemukas Robinsonin perhe
13%
10Melody time
12%
8Make Mine Music
11%
56Räyhä-Ralf 2
11%
46Aivan villit
9%
11Herra Rupikonna ja Iisoppi Kurkinen
8%

Tulosjakauma

Persentiili vastausten määrän mukaan

Jokaisen tuloksen saaneiden osuus

Tuloshistoriasi

Et ole pelannut tätä visaa